000 00697nam a22002297a 4500
999 _c384173
_d384173
001 97930
003 UA-OsUOA
005 20200213164653.0
007 ta
008 20130408b un ||||| |||| 00| 0 ukr d
040 _aUA-OsUOA
_brus
_cUA-OsUOA
_dUA-OsUOA
041 _arus
080 _a821.161.1
090 _a821.161.1
_bП37
100 _aПлатонов А.
245 _aИзбранные произведения в двух томах: рассказы 1934 - 1950
_n2
260 _aМ.
_bХудожественная литература
_c1978
300 _a398 с.
650 7 _a82 Література. Літературознавство
_2UDC
942 _cBK
_2udc
955 _a3